Ο εκδημοκρατισμός της παγκόσμιας διακυβέρνησης : μία εισαγωγή στην κοσμοπολιτική δημοκρατία
Saved in:
| Main Authors: | , |
|---|---|
| Other Authors: | |
| Format: | Book |
| Language: | Greek |
| Published: |
Αθήνα :
Ι. Σιδέρης,
2010.
|
| Subjects: | |
| Tags: |
Add Tag
No Tags, Be the first to tag this record!
|
MARC
| LEADER | 00000nam a2200000 a 4500 | ||
|---|---|---|---|
| 001 | 1/110768 | ||
| 008 | 160520s2010####gr | ||| |||| ||gre|| | ||
| 020 | |a 9789600805277 | ||
| 040 | |a GR-MyUa |b gre |c GR-MyUa |e AACR2 | ||
| 041 | 0 | |a gre | |
| 082 | 7 | |a 327.101 |2 (23) | |
| 100 | 1 | |a Φραγκονικολόπουλος, Χρήστος Α. | |
| 245 | 1 | 2 | |a Ο εκδημοκρατισμός της παγκόσμιας διακυβέρνησης : |b μία εισαγωγή στην κοσμοπολιτική δημοκρατία / |c Χρήστος Α. Φραγκονικολόπουλος, Φίλιππος Προέδρου ; πρόλογος: Ν. Κοτζιάς. |
| 260 | |a Αθήνα : |b Ι. Σιδέρης, |c 2010. | ||
| 300 | |a 287 σ. ; |c 21 εκ. | ||
| 504 | |a Βιβλιογραφία: σ. 269-287. | ||
| 650 | 0 | |a International relations. | |
| 650 | 0 | |a World politics. | |
| 650 | 0 | |a Globalization | |
| 700 | 1 | |a Προέδρου, Φίλιππος, |e aut | |
| 700 | 1 | |a Κοτζιάς, Νίκος, |d 1950- |e aui | |
| 852 | |a INST |b RHODES |c EUDOXUS |e 20160520 |h 327.101 ΦΡΑ |p 005400038431 |q 005400038431 |t EDX |y 0 | ||
| 920 | |a Εύδοξος |b Παραγγελία |y Ρόδος-ΤΜΣ |z 2016-04 | ||
| 970 | |z 20-05-2016 | ||